| 000 | 00638nam a22002177a 4500 | ||
|---|---|---|---|
| 999 |
_c190880 _d190880 |
||
| 005 | 20220808162622.0 | ||
| 010 | _aENG-134359 | ||
| 020 |
_c385.00 _a9789394899162 |
||
| 035 | _aEN-117891 | ||
| 037 | _bDBAD/PUB | ||
| 082 | _a005.1 | ||
| 100 | _aPandiaraj , M. | ||
| 245 |
_aDBMS with PL/SQL Programming / _cM. Pandiraj [et all ] |
||
| 260 |
_aTamil Nadu _bShanlax publications _c2022 |
||
| 270 |
_a61, 66 T.P.K. main road, Vasantha nagar, madurai _bTamil nadu _e625003 |
||
| 300 |
_a187p. _c24cm(pbk) |
||
| 700 | _aC, Rajagopal | ||
| 700 | _aK.Sridhran | ||
| 700 | _aC. Prabu | ||
| 942 |
_2ddc _cEN _h005.1 _mDBM |
||